000 00426nam a2200181Ia 4500
001 10434
005 20260306161832.0
008 260306t2014||||xx |||||||||||||| ||spa||
041 _aESP
082 _a928.61
_bM23
100 _aMartin, Gerald
_eAUT
245 0 _aGabriel Garcia Marquez:
_buna vida
260 _c2014
300 _a762 páginas :
_c19 cm.
650 _aGEN
654 _aCHU
942 _cLIB
_dJUS
_fJUS
_2ddc
_n
999 _c10434
_d10434